00767cam a2200241 a 45000010009000000050017000090080041000260100017000670200043000840350022001270400018001490410008001670800013001750820017001881000007002051010008002122450071002205040064002919060045003559420012004009990017004129520096004291322769220180109070510.0030606s2004 caua b 001 0 eng  a 2003108099 a0534389937 (acidfree paper)z053489937 a(DLC) 2003108099 aDLCcDLCdDLC aeng a518 CHE00a518 CHE2221 a38 aMAT10aNumerical mathematics and computing /cWard Cheney, David Kincaid. aIncludes bibliographical references (p. 795-803) and index. a7bcbccorignewd3eepcnf20gy-gencatlg 2ddccBK c39887d39887 00102ddc4070a002b002d2018-01-09l0o518 CHEp002-2994982r2018-01-09w2018-01-09yBK